| 000 | 00728nam a2200181Ia 4500 | ||
|---|---|---|---|
| 008 | 100921s9999 xx 000 0 und d | ||
| 082 |
_b23394 _a928 थ 88 |
||
| 100 | _aघारे दीपक. | ||
| 245 | _aचि.त्र्यं.खानोलकर. | ||
| 260 |
_bग्रंथाली प्रकाशन, मुंबई. _c1988 |
||
| 300 |
_a194 _bभावे पुस्तक भांडार,पुणे |
||
| 365 | _b40 | ||
| 520 | _aचरित्रे-साहित्यिक. | ||
| 630 | _aचि.त्र्यं.खानोलकर. | ||
| 650 | _aचरित्रे-साहित्यिक. | ||
| 730 | _aचि.त्र्यं.खानोलकर. | ||
| 942 | _cBOOK | ||
| 999 |
_c772507 _d772504 |
||